The mathematics of financial models : Solving real-world problems with quanitative methods
The Mathematics of Financial Models is an in-depth guide that helps readers break through common client financial problems and emerge with clearer strategies for solving issues in the future.
Shranjeno v:
| Glavni avtor: | |
|---|---|
| Format: | Knjiga |
| Jezik: | Undetermined |
| Izdano: |
New Jersey
Wiley
2014
|
| Teme: | |
| Oznake: |
Označite
Brez oznak, prvi označite!
|
| Thư viện lưu trữ: | Trung tâm Học liệu Trường Đại học Cần Thơ |
|---|
| LEADER | 00852nam a2200229Ia 4500 | ||
|---|---|---|---|
| 001 | CTU_217478 | ||
| 008 | 210402s9999 xx 000 0 und d | ||
| 020 | |c 105 | ||
| 082 | |a 332.64 | ||
| 082 | |b R256 | ||
| 100 | |a Ravindran, Kannoo | ||
| 245 | 4 | |a The mathematics of financial models : | |
| 245 | 0 | |b Solving real-world problems with quanitative methods | |
| 245 | 0 | |c Kannoo Ravindran | |
| 260 | |a New Jersey | ||
| 260 | |b Wiley | ||
| 260 | |c 2014 | ||
| 520 | |a The Mathematics of Financial Models is an in-depth guide that helps readers break through common client financial problems and emerge with clearer strategies for solving issues in the future. | ||
| 650 | |a Finance,Tài chính | ||
| 650 | |x Mathematical models,Mô hình toán học | ||
| 904 | |i Hiền, Tuyến | ||
| 980 | |a Trung tâm Học liệu Trường Đại học Cần Thơ | ||